Thamizh Aaraychi Varalaru (Record no. 177058)

MARC details
000 -LEADER
fixed length control field 00340nam a22001577a 4500
005 - DATE AND TIME OF LATEST TRANSACTION
control field 20260324112912.0
020 ## - INTERNATIONAL STANDARD BOOK NUMBER
ISBN 9788198712226
041 ## - LANGUAGE CODE
Language code of text/sound track or separate title English
082 ## - DEWEY DECIMAL CLASSIFICATION NUMBER
Classification number T16 R25 SUN
100 ## - MAIN ENTRY--AUTHOR NAME
Personal name Sundaramurthy R
245 ## - TITLE STATEMENT
Title Thamizh Aaraychi Varalaru
260 ## - PUBLICATION, DISTRIBUTION, ETC. (IMPRINT)
Place of publication Chennai
Name of publisher NCBH
Year of publication 2025
300 ## - PHYSICAL DESCRIPTION
Number of Pages 152
365 ## - TRADE PRICE
Price amount 135.00
942 ## - ADDED ENTRY ELEMENTS (KOHA)
Koha item type Books
Holdings
Withdrawn status Lost status Home library Current library Date acquired Cost, normal purchase price Full call number Accession Number Cost, replacement price Department Koha item type
    PSG-CAS LIBRARY PSG-CAS LIBRARY 24/03/2026 135.00 T16 R25 SUN 153145 135.00 Tamil Books

Contact Us:

PSGCAS LIBRARY
Phone: 04224303300
Website: http://www.psgcas.ac.in/ | Email: psgcaslib@gmail.com


You are Visitor Number

web counter